Представление документа в формате RUSMARC

ПолеНазваниеЗначение
  Тип записи c
  Библиографический уровень m
001 Контрольный номер RU/УОНБ/EK_N/614887401
005 Дата корректировки 20240131005118.2
100 Данные общей обработки __
a Данные общей обработки 20190626d1980 u y0rusy0189||||ca
101 Язык документа 0_
a Язык текста ger
f Язык титульного листа ger
102 Страна публикации __
a Страна публикации DE
105 Кодированные данные (монография) __
a Кодированные данные (монография) y###||||000|y
200 Заглавие и сведения об ответственности 1_
a Заглавие Klavierwerke
b Общее обозначение материала Ноты
d Параллельное заглавие Произведения для фортепиано
f Первые сведения об ответственности Mendelssohn
g Последующие сведения об ответственности hrsg T. Kullak
210 Выходные данные 1_
a Место издания Leipzig
c Издательство Edition Peters
215 Физическое описание __
d Формат 30 см
225 Серия 1_
a Серия Edition Peters
v Обозначение тома Nr. 1704 b
300 Общие примечания __
a Общие примечания Изд. на нем. яз.
512 Заглавие обложки 1_
a Заглавие обложки Klavierwerke
600 Персоналии _1
a Персоналии (Фамилия) Mendelssohn Bartholdy, Felix
686 Индексы других классификаций __
a Классификационный индекс 85
2 Код системы rubbk
700 Автор _1
a Фамилия Mendelssohn Bartholdy
b Имя (инициалы) F.
g Полное личное имя Felix
702 Вторичная интеллектуальная ответственность _1
a Фамилия Kullak
b Имя (инициалы) T.
4 Код отношения 340
801 Источник записи _0
a Страна RU
b Организация Ульяновская ОНБ
c Дата составления 20190626
g Правила каталогизации RCR
801 Источник записи _1
a Страна RU
b Организация Ульяновская ОНБ
c Дата составления 20190626
g Правила каталогизации RCR
901 Тип документа __
t Тип документа v
909 Создатель записи __
a Создатель записи Лобина Л. И.
938 Служебная информация __
a Имя БД noti
b Имя библиотеки УОНБ
c Имя АИБС МАРК-SQL
d Номер DOC_ID в БД 20779